Tomo tercero de autos acordados : (Record no. 153816)
[ view plain ]
| 000 -LEADER | |
|---|---|
| campo de control de longitud fija | 01341nam a2200253 i 4500 |
| 001 - NÚMERO DE CONTROL | |
| campo de control | 153816 |
| 003 - IDENTIFICADOR DE NÚMERO DE CONTROL | |
| campo de control | ES-MaACL |
| 005 - FECHA Y HORA DE LA ÚLTIMA TRANSACCIÓN | |
| campo de control | 20250827062635.0 |
| 008 - DATOS DE LONGITUD FIJA--INFORMACIÓN GENERAL | |
| campo de control de longitud fija | 931025s1745 sp |||| | spa d |
| 110 1# - ENTRADA PRINCIPAL--NOMBRE DE ENTIDAD CORPORATIVA | |
| Nombre de entidad corporativa o nombre de jurisdicción como elemento de entrada | España |
| 9 (RLIN) | 3622 |
| 240 00 - TÍTULO UNIFORME | |
| Título uniforme | Leyes, etc. |
| 245 10 - MENCIÓN DEL TÍTULO | |
| Título | Tomo tercero de autos acordados : |
| Resto del título | que contiene nueve libros por el orden de titulos de las Leyes de Recopilacion, i van en él las Pragmaticas que se imprimieron el año de 1723..., i otras muchas Pragmaticas, consultas..., cedulas, Reales Decretos, i autos acordados, que se han aumentado. |
| 260 ## - PUBLICACIÓN, DISTRIBUCIÓN, ETC. | |
| Lugar de publicación, distribución, etc. | En Madrid : |
| Nombre del editor, distribuidor, etc. | en la Imprenta de Juan Antonio Pimentél : |
| -- | se hallará en casa de Manuel Francisco Mena..., |
| Fecha de publicación, distribución, etc. | 1745. |
| 300 ## - DESCRIPCIÓN FÍSICA | |
| Extensión | [12], 430 ; 468 ; 56 p. ; |
| Dimensiones | Fol. |
| 530 ## - NOTA DISPONIBLE DE FORMULARIO FÍSICO ADICIONAL | |
| Nota de formato físico adicional disponible | Disponible en formato digital. |
| 597 ## - NOTA DE DESCRIPCIÓN FÍSICA | |
| NOTA DE DESCRIPCIÓN FÍSICA | Sign: [calderón]4, [2 calderón]2, A-Z4, 2A-2Z4, 3A-3G4, 3H2, 3I ; A-Z4, 2A-2Z4, 3A-3M4, 3N2 ; A-O2. |
| 597 ## - NOTA DE DESCRIPCIÓN FÍSICA | |
| NOTA DE DESCRIPCIÓN FÍSICA | Texto a dos col. |
| 597 ## - NOTA DE DESCRIPCIÓN FÍSICA | |
| NOTA DE DESCRIPCIÓN FÍSICA | Port. con orla tip. con el escudo xil. de España. |
| 650 #7 - PUNTO DE ACCESO ADICIONAL DE MATERIA--TÉRMINO DE MATERIA | |
| Término de materia o nombre geográfico como elemento de entrada | Derecho- |
| Subdivisión geográfica | España |
| Fuente del encabezamiento o término | |
| 9 (RLIN) | 141531 |
| 700 1# - ENTRADA AGREGADA--NOMBRE PERSONAL | |
| Nombre de persona | Mena, Francisco Manuel de. |
| 9 (RLIN) | 129819 |
| 852 4# - LOCALIZACIÓN | |
| Ubicación | ES-MaACL |
| Número de control de estantería | R-1104-07 |
| Nota libre | - Enc. pasta española |
| Encuadernación | Olim:G-3572-75 |
| 856 4# - LOCALIZACIÓN Y ACCESO ELECTRÓNICOS | |
| Identificador Uniforme de Recursos | <a href="http://bibliotecavirtual.larioja.org/bvrioja/i18n/consulta/registro.do?id=258">http://bibliotecavirtual.larioja.org/bvrioja/i18n/consulta/registro.do?id=258</a> |
| Nota pública | Biblioteca Virtual de La Rioja |
| Estatus retirado | Estado de pérdida | Estado de daño | No para préstamo | Colección | Biblioteca de origen | Biblioteca actual | Ubicación en estantería | Fecha de adquisición | Total de préstamos | Signatura topográfica completa | Código de barras | Visto por última vez | Precio de reemplazo | Tipo de ítem Koha |
|---|---|---|---|---|---|---|---|---|---|---|---|---|---|---|
| Colección digital | Biblioteca del Ateneo de Madrid | Biblioteca del Ateneo de Madrid | Depósito | 17/01/2008 | R-1104-07 | 1160815 | 23/02/2023 | 23/02/2023 | Libro impreso antiguo |
